| 000 | 00597nam a22001817a 4500 | ||
|---|---|---|---|
| 999 |
_c10736 _d10736 |
||
| 003 | AR-CdUCM | ||
| 008 | 190401b ||||| |||| 00| 0 spa d | ||
| 040 |
_aMUNICIPALIDAD PROVINCIAL DEL CUSCO _cBIBLIOTECA MUNICIPAL DEL CUSCO |
||
| 082 |
_aES / 800 / _bK15 |
||
| 100 |
_aKafka, Franz _990 |
||
| 245 |
_aLa metamorfosis : _bBiografĂa de Franz Kafka / |
||
| 260 |
_aLima : _bEditorial Toribio Anyarin Injante, |
||
| 300 |
_a128 paginas ; _c15 cm. |
||
| 505 | _aContenido :La metamorfosis, biografĂa de Franz Kafka. | ||
| 650 |
_aLiteratura peruana _9169 |
||
| 942 |
_2ddc _cLIBROS |
||
| 945 | _arum | ||